[Event "Ann Arbor $600 Open"]
[Site "Ann Arbor, Mich."]
[Date "1984.04.29"]
[Round "4"]
[White "Pegeron, Jean-Paul"]
[Black "Moody, David"]
[Result "0-1"]
[WhiteElo "1930"]
[BlackElo "1985"]
[PlyCount "104"]
[EventDate "1984.04.28"]

1. e4 e5 2. Nf3 d6 3. d4 Nf6 4. dxe5 Nxe4 5. Qd5 Nc5 6. Ng5 Be6 7. Nxe6 fxe6 8.
Qf3 d5 9. Qg4 Qd7 10. Bg5 Be7 11. Nd2 Nc6 12. Bb5 a6 13. Bxc6 bxc6 14. Qh5+ g6
15. Qh6 Bxg5 16. Qxg5 O-O 17. O-O Qg7 18. Qe3 Nd7 19. f4 Qh6 20. Rf3 Rf7 21.
Nb3 Raf8 22. Nd4 g5 23. Rh3 gxf4 24. Qd3 Qg6 25. Qxg6+ hxg6 26. Nxe6 Re8 27.
Nxc7 Rxe5 28. Nxa6 Re2 29. Nb4 Ne5 30. Kf1 Rd2 31. a4 Ng4 32. Rf3 Nxh2+ 33. Ke1
Nxf3+ 34. gxf3 Rh2 35. Ra3 Re7+ 36. Kd1 Ree2 37. a5 Reg2 38. Nd3 Rg1+ 39. Ne1
Rhh1 40. a6 Rxe1+ 41. Kd2 Re8 42. Kc3 Re3+ 43. Kb4 Rxa3 44. bxa3 Rh7 45. Kc5 g5
46. Kb6 g4 47. fxg4 f3 48. a7 Rxa7 49. Kxa7 f2 50. a4 f1=Q 51. a5 Qb5 52. a6 c5
0-1

[Event "Ann Arbor $600 Open"]
[Site "Ann Arbor, Mich."]
[Date "1984.04.29"]
[Round "5"]
[White "Marfia, Jim"]
[Black "Moody, David"]
[Result "1-0"]
[WhiteElo "2185"]
[BlackElo "1985"]
[PlyCount "89"]
[EventDate "1984.04.28"]

1. d4 Nf6 2. c4 c5 3. d5 e6 4. Nc3 exd5 5. cxd5 d6 6. e4 g6 7. f4 Bg7 8. Bb5+
Nfd7 9. a4 O-O 10. Nf3 Na6 11. O-O Nc7 12. Bc4 Re8 13. Qd3 Nf6 14. h3 a6 15. g4
b5 16. axb5 axb5 17. Rxa8 bxc4 18. Rxc8 cxd3 19. Rxd8 Rxd8 20. Rd1 c4 21. Nd2
Re8 22. Kg2 Rc8 23. Nxc4 Ncxd5 24. exd5 Rxc4 25. Rxd3 Ne4 26. Nxe4 Rxe4 27. b3
f5 28. Bd2 h5 29. Kf3 hxg4+ 30. hxg4 Kf7 31. b4 Rd4 32. Rxd4 Bxd4 33. gxf5 gxf5
34. Ke2 Ke7 35. Kd3 Bf2 36. Be3 Be1 37. Bd2 Bf2 38. Kc4 Kd7 39. Kb5 Kc7 40. Ka6
Bd4 41. b5 Kb8 42. b6 Bc5 43. b7 Kc7 44. Bb4 Bxb4 45. Ka7 1-0

[Event "East Detroit Chess Club Championship"]
[Site "East Detroit, Mich."]
[Date "1984.04.30"]
[Round "5"]
[White "Moody, David"]
[Black "Moncrieff, Richard"]
[Result "0-1"]
[WhiteElo "1995"]
[BlackElo "1712"]
[PlyCount "38"]
[EventDate "1984.03.26"]

1. e4 e6 2. d3 b6 3. Nf3 Bb7 4. g3 d5 5. Nbd2 Nd7 6. Bg2 g5 7. Qe2 Qe7 8. exd5
Bxd5 9. Ne4 g4 10. Nh4 f5 11. Bg5 Qg7 12. Nxf5 Qxb2 13. Ned6+ cxd6 14. Bxd5
Qc3+ 15. Kf1 Qxa1+ 16. Kg2 Qe5 17. Be4 exf5 18. f4 Qe6 19. Re1 fxe4 0-1

[Event "Port Huron Open"]
[Site "Port Huron, Mich."]
[Date "1984.05.19"]
[Round "2"]
[White "Petty, Michael"]
[Black "Moody, David"]
[Result "1-0"]
[WhiteElo "1771"]
[BlackElo "1985"]
[PlyCount "29"]
[EventDate "1984.05.19"]

1. d4 e6 2. c4 c5 3. d5 exd5 4. cxd5 d6 5. Nc3 Nf6 6. e4 g6 7. Nf3 Bg7 8. e5
dxe5 9. Nxe5 Nxd5 10. Bb5+ Kf8 11. f4 Bxe5 12. fxe5 Qh4+ 13. g3 Nxc3 14. Qd6+
Qe7 15. Bh6+ 1-0

[Event "Port Huron Open"]
[Site "Port Huron, Mich."]
[Date "1984.05.19"]
[Round "3"]
[White "Moody, David"]
[Black "Wood, Pete"]
[Result "1-0"]
[WhiteElo "1985"]
[BlackElo "1654"]
[PlyCount "49"]
[EventDate "1984.05.19"]

1. e4 e6 2. d3 d5 3. Nd2 Nf6 4. Ngf3 c5 5. g3 Nc6 6. Bg2 Be7 7. O-O O-O 8. Re1
dxe4 9. dxe4 e5 10. c3 Qc7 11. Qe2 a6 12. Nc4 b5 13. Ne3 Rd8 14. Nh4 c4 15. Nd5
Nxd5 16. exd5 Bxh4 17. gxh4 Ne7 18. Qxe5 Qxe5 19. Rxe5 Ng6 20. Re4 Bb7 21. Rd4
Ne7 22. Bf4 Ra7 23. Re1 Bxd5 24. Bxd5 Rad7 25. Rxe7 1-0

[Event "Port Huron Open"]
[Site "Port Huron, Mich."]
[Date "1984.05.19"]
[Round "1"]
[White "Moody, David"]
[Black "Vandenburg, V. E.."]
[Result "1-0"]
[WhiteElo "1985"]
[BlackElo "1592"]
[PlyCount "57"]
[EventDate "1984.05.19"]

1. e4 a6 2. a4 e6 3. d4 c5 4. c3 Nf6 5. e5 Nd5 6. Nf3 Nc6 7. Na3 Be7 8. Bd3 b6
9. h4 Bb7 10. Ng5 cxd4 11. cxd4 Bb4+ 12. Bd2 Nf4 13. Be4 Qe7 14. Nc4 Nxe5 15.
dxe5 Bxd2+ 16. Qxd2 Bxe4 17. Nd6+ Kd8 18. Ngxf7+ Kc7 19. Qxf4 Bc6 20. Nxh8 Rxh8
21. Qc4 Ra8 22. b4 Kb8 23. O-O Ra7 24. b5 Bb7 25. Rac1 Qd8 26. Rc3 Ra8 27. Rfc1
Ka7 28. Nxb7 Kxb7 29. Qc7+ 1-0

[Event "Port Huron Open"]
[Site "Port Huron, Mich."]
[Date "1984.05.20"]
[Round "5"]
[White "Moody, David"]
[Black "Jackson, James"]
[Result "1-0"]
[WhiteElo "1985"]
[BlackElo "1931"]
[PlyCount "97"]
[EventDate "1984.05.19"]

1. Nf3 d5 2. c4 e6 3. g3 c6 4. Bg2 Nf6 5. b3 dxc4 6. bxc4 Qb6 7. O-O Be7 8. Qc2
Nbd7 9. Bb2 O-O 10. Nc3 e5 11. Rfd1 Re8 12. e3 Qc7 13. d4 exd4 14. exd4 Nb6 15.
Na4 Nxa4 16. Qxa4 Bg4 17. Rac1 c5 18. d5 Bd6 19. Re1 Bd7 20. Qc2 Rxe1+ 21. Rxe1
Re8 22. Rxe8+ Nxe8 23. Ng5 f5 24. Qe2 Qc8 25. Qh5 h6 26. Qf7+ Kh8 27. Ne6 Bxe6
28. dxe6 Qd8 29. Qxf5 Qe7 30. Be5 Bxe5 31. Qxe5 Nf6 32. Bd5 b6 33. f4 a6 34. a4
Kh7 35. h3 g6 36. g4 Ne8 37. f5 gxf5 38. Qxf5+ Kg7 39. Be4 Qf6 40. Qh7+ Kf8 41.
Qf5 Ke7 42. Qxf6+ Kxf6 43. Bd5 Nd6 44. Kg2 b5 45. cxb5 axb5 46. a5 Ke5 47. a6
Nc8 48. Bb7 Na7 49. e7 1-0

[Event "Port Huron Open"]
[Site "Port Huron, Mich."]
[Date "1984.05.20"]
[Round "4"]
[White "Martens, Daniel"]
[Black "Moody, David"]
[Result "1/2-1/2"]
[WhiteElo "1736"]
[BlackElo "1985"]
[PlyCount "54"]
[EventDate "1984.05.19"]

1. e4 e5 2. Bc4 Nf6 3. Nf3 Nc6 4. Ng5 d5 5. exd5 Na5 6. Bb5+ c6 7. dxc6 bxc6 8.
Qf3 Rb8 9. Ba4 Rb4 10. Nc3 Rf4 11. Qe3 Qc7 12. O-O Ng4 13. Qe2 Bc5 14. Nd5 Qd8
15. Nxf4 Qxg5 16. d4 Bxd4 17. Ne6 Qh4 18. Nxg7+ Kf8 19. h3 Kxg7 20. hxg4 Bxg4
21. Qd3 Rg8 22. Be3 Kh8 23. Bxd4 exd4 24. Qxd4+ f6 25. f3 Bxf3 26. Qxh4 Rxg2+
27. Kh1 Rf2+ 1/2-1/2

[Event "Dog Days Open"]
[Site "Ann Arbor, Mich."]
[Date "1984.06.09"]
[Round "3"]
[White "Riegel, Peter"]
[Black "Moody, David"]
[Result "0-1"]
[WhiteElo "1831"]
[BlackElo "1985"]
[PlyCount "42"]
[EventDate "1984.06.09"]

1. e4 e5 2. Nf3 Nc6 3. Bc4 Nf6 4. d4 exd4 5. O-O Bc5 6. e5 d5 7. exf6 dxc4 8.
Re1+ Be6 9. Ng5 Qd5 10. Nc3 Qf5 11. Nce4 O-O-O 12. g4 Qe5 13. Nf3 Qd5 14. fxg7
Rhg8 15. Nf6 Qd6 16. Nxg8 Rxg8 17. Ng5 Rxg7 18. Nxe6 fxe6 19. Re4 Qd5 20. Qe1
d3 21. c3 Ne5 0-1

[Event "Dog Days Open"]
[Site "Ann Arbor, Mich."]
[Date "1984.06.09"]
[Round "2"]
[White "Moody, David"]
[Black "Baze, Lineas"]
[Result "1-0"]
[WhiteElo "1985"]
[BlackElo "2049"]
[PlyCount "39"]
[EventDate "1984.06.09"]

1. Nf3 d5 2. c4 Nf6 3. g3 c5 4. Bg2 Nc6 5. d4 e6 6. Nc3 cxd4 7. Nxd4 Bb4 8. O-O
O-O 9. cxd5 exd5 10. Ncb5 a6 11. Nxc6 bxc6 12. Nd4 Qb6 13. Be3 Ng4 14. Nxc6
Nxe3 15. fxe3 Bh3 16. Nxb4 Bxg2 17. Kxg2 Qxb4 18. Qxd5 Qxb2 19. Rxf7 Qxe2+ 20.
Rf2+ 1-0

[Event "Dog Days Open"]
[Site "Ann Arbor, Mich."]
[Date "1984.06.10"]
[Round "4"]
[White "Moody, David"]
[Black "O'Donnell, Robert"]
[Result "0-1"]
[WhiteElo "1985"]
[BlackElo "2183"]
[PlyCount "36"]
[EventDate "1984.06.09"]

1. Nf3 Nf6 2. g3 d5 3. Bg2 c5 4. d3 Nc6 5. O-O e6 6. Nbd2 Be7 7. c4 O-O 8. a3
b6 9. Qc2 Bb7 10. cxd5 Nxd5 11. Nc4 Rc8 12. Qa4 a6 13. Nce5 Nxe5 14. Nxe5 b5
15. Qg4 Bf6 16. Bf4 Qe7 17. Be4 Bxe5 18. Qh5 f5 0-1

[Event "Dog Days Open"]
[Site "Ann Arbor, Mich."]
[Date "1984.06.10"]
[Round "5"]
[White "Moody, David"]
[Black "Laibman, Joseph"]
[Result "1-0"]
[WhiteElo "1985"]
[BlackElo "1668"]
[PlyCount "65"]
[EventDate "1984.06.09"]

1. e4 c5 2. Nf3 d6 3. d4 cxd4 4. Nxd4 Nf6 5. Nc3 g6 6. Be3 Bg7 7. f3 O-O 8. Bc4
Nc6 9. Qd2 Bd7 10. O-O-O Ne5 11. Bb3 Qa5 12. Bh6 Rfc8 13. h4 Bh8 14. h5 Nc4 15.
hxg6 hxg6 16. Bxc4 Rxc4 17. Bf8 Rxf8 18. Rxh8+ Kxh8 19. Qh6+ Kg8 20. Nd5 Re8
21. Nb3 Qxa2 22. Nxf6+ exf6 23. Rh1 Rxc2+ 24. Kxc2 Rc8+ 25. Kd2 Qxb2+ 26. Ke3
Rc3+ 27. Kf4 Rxf3+ 28. gxf3 Qe5+ 29. Ke3 Qc3+ 30. Kf2 Qc2+ 31. Kf1 Bb5+ 32. Kg1
Qb1+ 33. Nc1 1-0

[Event "Trenton Mini-Swiss (June)"]
[Site "Trenton, Mich."]
[Date "1984.06.16"]
[Round "1"]
[White "Smith, Walter"]
[Black "Moody, David"]
[Result "1/2-1/2"]
[WhiteElo "1908"]
[BlackElo "1985"]
[PlyCount "133"]
[EventDate "1984.06.16"]

1. e4 e5 2. Nf3 Nc6 3. Bb5 g5 4. d3 g4 5. Bxc6 gxf3 6. Bd5 fxg2 7. Rg1 Nf6 8.
Bg5 Rg8 9. Rxg2 Be7 10. Bxf6 Rxg2 11. Qh5 Rg6 12. Bxe5 d6 13. Bxf7+ Kxf7 14.
Qxh7+ Kf8 15. Qxg6 dxe5 16. Qh5 Qe8 17. Qh8+ Kf7 18. Qh7+ Kf6 19. Nc3 c6 20.
O-O-O Qg6 21. Qh8+ Qg7 22. Qxg7+ Kxg7 23. Ne2 Be6 24. Rg1+ Kf7 25. f4 exf4 26.
Nxf4 Rh8 27. Rg2 Bd6 28. Nxe6 Kxe6 29. d4 Bf4+ 30. Kd1 Rxh2 31. Rxh2 Bxh2 32.
Ke2 Bf4 33. Kd3 Bc1 34. b4 b6 35. a4 Kd6 36. Kc4 a6 37. b5 cxb5+ 38. axb5 a5
39. Kb3 Be3 40. c3 Ke6 41. Kc4 Bf4 42. Kb3 Bd6 43. Ka4 Kf6 44. c4 Ke6 45. Kb3
Bb4 46. e5 Kf5 47. c5 Ke6 48. Kc4 Bxc5 49. dxc5 Kxe5 50. cxb6 Kd6 51. Kb3 Kd7
52. Ka4 Kc8 53. Kxa5 Kb7 54. Ka4 Kxb6 55. Kb4 Kb7 56. Kc5 Kc7 57. Kd5 Kb6 58.
Kc4 Kb7 59. Kb4 Kb6 60. Ka4 Kb7 61. Ka3 Kb6 62. Ka4 Kb7 63. Kb3 Kb6 64. Kc4 Kb7
65. Kc5 Kc7 66. Kd4 Kb6 67. Kc4 1/2-1/2

[Event "Trenton Mini-Swiss (June)"]
[Site "Trenton, Mich."]
[Date "1984.06.16"]
[Round "3"]
[White "Moody, David"]
[Black "Bemben, Robert"]
[Result "0-1"]
[WhiteElo "1985"]
[BlackElo "1928"]
[PlyCount "56"]
[EventDate "1984.06.16"]

1. e4 c6 2. d3 d5 3. Nd2 e5 4. g3 Be6 5. Bg2 Nf6 6. Ngf3 dxe4 7. dxe4 Nbd7 8.
Qe2 h6 9. Nc4 Qc7 10. a4 b5 11. axb5 cxb5 12. Na3 Bb4+ 13. c3 Bxa3 14. Rxa3 Bc4
15. Qc2 Nc5 16. b4 Nd3+ 17. Kd1 Rd8 18. Bd2 Nxe4 19. Rf1 Nexf2+ 20. Rxf2 Nxf2+
21. Kc1 O-O 22. Qf5 Be6 23. Qh5 Bg4 24. Qh4 Rd3 25. Ne1 Rxd2 26. Kxd2 Qd6+ 27.
Ke3 Nd1+ 28. Ke4 f5# 0-1

[Event "Trenton Mini-Swiss (June)"]
[Site "Trenton, Mich."]
[Date "1984.06.16"]
[Round "2"]
[White "Lewis, Derrick"]
[Black "Moody, David"]
[Result "1-0"]
[WhiteElo "1809"]
[BlackElo "1985"]
[PlyCount "35"]
[EventDate "1984.06.16"]

1. e4 e5 2. Nf3 Nc6 3. c3 f5 4. d4 fxe4 5. Nxe5 Nf6 6. Bg5 Be7 7. Bxf6 Bxf6 8.
Qh5+ g6 9. Nxg6 hxg6 10. Qxg6+ Kf8 11. Bc4 Qe7 12. Nd2 Na5 13. Bd5 c6 14. Nxe4
Bg7 15. Qf5+ Ke8 16. Bf7+ Kd8 17. Qxa5+ b6 18. Qg5 1-0

[Event "Michigan Amateur"]
[Site "Kalamazoo, Mich."]
[Date "1984.06.23"]
[Round "1"]
[White "Platt, Michael"]
[Black "Moody, David"]
[Result "0-1"]
[WhiteElo "1518"]
[BlackElo "1927"]
[PlyCount "52"]
[EventDate "1984.06.23"]

1. e4 e5 2. Nf3 Nc6 3. Bb5 a6 4. Bxc6 dxc6 5. O-O Qd6 6. d4 exd4 7. Nxd4 Bd7 8.
Re1 O-O-O 9. a3 Qg6 10. Qe2 Bc5 11. Nf5 Bxf5 12. exf5 Qxf5 13. b4 Bb6 14. c4
Bd4 15. Bb2 Nf6 16. Bxd4 Rxd4 17. Nc3 Re8 18. Qa2 Qd3 19. Rxe8+ Nxe8 20. Qe2
Nd6 21. Qe7 Qxc3 22. Re1 b6 23. h3 Nxc4 24. Qf8+ Kb7 25. Re8 Qc1+ 26. Kh2 Qf4+
0-1

[Event "Michigan Amateur"]
[Site "Kalamazoo, Mich."]
[Date "1984.06.23"]
[Round "2"]
[White "Moody, David"]
[Black "Winfield, John"]
[Result "1-0"]
[WhiteElo "1927"]
[BlackElo "1680"]
[PlyCount "85"]
[EventDate "1984.06.23"]

1. e4 c5 2. Nc3 Nf6 3. f4 e6 4. Nf3 Be7 5. d3 a6 6. g3 Nc6 7. Bg2 d6 8. O-O Qc7
9. Kh1 b5 10. Be3 Bb7 11. h3 Rd8 12. g4 g6 13. Qe1 h6 14. Qf2 b4 15. Ne2 Rd7
16. Ng3 Nd8 17. Rae1 e5 18. Qd2 h5 19. g5 h4 20. gxf6 Bxf6 21. Ne2 exf4 22.
Bxf4 Bxb2 23. c3 bxc3 24. Nxc3 Ba3 25. e5 O-O 26. exd6 Qa5 27. Bh6 Bb4 28. Bxf8
Bxc3 29. Qh6 Ne6 30. Be7 Qxa2 31. Rxe6 Bg7 32. Rxg6 fxg6 33. Qxg6 Qb2 34. Qe8+
Kh7 35. Ng5+ Kh6 36. Nf7+ Kh7 37. Ng5+ Kh6 38. Ne4 Bc6 39. Bg5+ Kh7 40. Nf6+
Bxf6 41. Bxc6 Rxd6 42. Be4+ Kg7 43. Bh6+ 1-0

[Event "Michigan Amateur"]
[Site "Kalamazoo, Mich."]
[Date "1984.06.23"]
[Round "3"]
[White "Moody, David"]
[Black "Smith, Walter"]
[Result "1/2-1/2"]
[WhiteElo "1927"]
[BlackElo "1983"]
[PlyCount "145"]
[EventDate "1984.06.23"]

1. e4 c5 2. Nf3 Nc6 3. d4 cxd4 4. Nxd4 Nf6 5. Nc3 d6 6. Bc4 g6 7. Nxc6 bxc6 8.
e5 Nd7 9. exd6 exd6 10. Qd4 Qf6 11. Be3 Qxd4 12. Bxd4 Rg8 13. O-O-O d5 14.
Rhe1+ Kd8 15. Nxd5 cxd5 16. Bxd5 Bh6+ 17. Kb1 Rb8 18. Bxa7 Rb5 19. Bc6 Rb4 20.
Bc5 Rb8 21. Re7 Bf8 22. Bxd7 Bxe7 23. Bxc8+ Kxc8 24. Bxe7 Re8 25. Bh4 Rb4 26.
Bg3 g5 27. a3 Rbe4 28. Rd5 h6 29. Rc5+ Kd7 30. Rc7+ Ke6 31. Rc6+ Kd5 32. Rxh6
f5 33. Rh5 f4 34. Rxg5+ R8e5 35. Rxe5+ Kxe5 36. Bh4 f3 37. Bg3+ Kd4 38. gxf3
Re1+ 39. Ka2 Kc4 40. h4 Re2 41. c3 Rd2 42. h5 Rd5 43. h6 Rf5 44. a4 Rf6 45. Be5
Rxh6 46. Bd4 Rh3 47. b4 Rxf3 48. b5 Rf8 49. b6 Re8 50. f4 Rb8 51. Kb2 Rb7 52.
Kc2 Rh7 53. Be5 Rh2+ 54. Kc1 Rh7 55. Bc7 Kxc3 56. Kd1 Kd3 57. Ke1 Ke3 58. Kf1
Kf3 59. Ke1 Ke3 60. Kd1 Kd3 61. Kc1 Kc3 62. Be5+ Kb4 63. Kd2 Kc5 64. a5 Kc6 65.
Kd3 Rh3+ 66. Kc4 Rf3 67. Bc7 Ra3 68. Kb4 Ra2 69. Be5 Rf2 70. Kc4 Ra2 71. Kb4
Rf2 72. a6 Rxf4+ 73. Bxf4 1/2-1/2

[Event "Michigan Amateur"]
[Site "Kalamazoo, Mich."]
[Date "1984.06.24"]
[Round "4"]
[White "Jarosz, Stan"]
[Black "Moody, David"]
[Result "0-1"]
[WhiteElo "1961"]
[BlackElo "1927"]
[PlyCount "58"]
[EventDate "1984.06.23"]

1. c4 e5 2. Nc3 Nc6 3. g3 g6 4. Bg2 Bg7 5. d3 d6 6. e3 Nf6 7. Nge2 Bf5 8. a3 a5
9. Rb1 O-O 10. O-O Qd7 11. b4 Bh3 12. b5 Bxg2 13. Kxg2 Ne7 14. b6 c6 15. Bd2 h5
16. Na4 Nh7 17. e4 f5 18. f4 fxe4 19. dxe4 Qe6 20. Qb3 exf4 21. Nxf4 Qxe4+ 22.
Rf3 Ng5 23. Re1 Qxf3+ 24. Qxf3 Nxf3 25. Rxe7 Nxd2 26. Rxb7 Rf7 27. Rc7 Rxc7 28.
bxc7 Rc8 29. Ne6 Nxc4 0-1

[Event "Michigan Amateur"]
[Site "Kalamazoo, Mich."]
[Date "1984.06.24"]
[Round "5"]
[White "Dangremond, Leonard"]
[Black "Moody, David"]
[Result "1-0"]
[WhiteElo "1945"]
[BlackElo "1927"]
[PlyCount "45"]
[EventDate "1984.06.23"]

1. e4 e5 2. Nf3 Nc6 3. Bb5 a6 4. Bxc6 dxc6 5. O-O Qd6 6. d3 Ne7 7. Nbd2 Ng6 8.
Nc4 Qe7 9. Be3 Bg4 10. h3 Bxf3 11. Qxf3 O-O-O 12. b4 h5 13. Rab1 Kb8 14. a4 f6
15. b5 Nh4 16. Qg3 g5 17. bxa6 b6 18. Nxe5 Qxe5 19. Qxe5 fxe5 20. Bxg5 Rd7 21.
Bxh4 Rd4 22. Bf6 Rg8 23. Bxe5 1-0

[Event "Emanuel Lasker Open"]
[Site "Dearborn, Mich."]
[Date "1984.06.30"]
[Round "3"]
[White "Wygrecki, John"]
[Black "Moody, David"]
[Result "1/2-1/2"]
[WhiteElo "2109"]
[BlackElo "1927"]
[PlyCount "89"]
[EventDate "1984.06.30"]

1. e4 e6 2. d4 d5 3. exd5 exd5 4. c4 Nf6 5. Bg5 Be7 6. Nc3 O-O 7. Bxf6 Bxf6 8.
Nxd5 Re8+ 9. Be2 Bg4 10. h3 Bh5 11. g4 Bg6 12. Nf3 Be4 13. Nxf6+ Qxf6 14. O-O
Nc6 15. d5 Qxb2 16. Bd3 Bxf3 17. Qxf3 Ne5 18. Qe4 g6 19. Rab1 Qc3 20. Rfd1 Nxd3
21. Qf3 Nc1 22. Kg2 Nxa2 23. Rxb7 Qxc4 24. d6 cxd6 25. Rd4 Qe6 26. Rf4 Rf8 27.
Rf6 Qc4 28. Rf4 Qc3 29. Qd5 Qe5 30. Qf3 f5 31. gxf5 Rxf5 32. Rxf5 gxf5 33. Qb3+
Kh8 34. Rb8+ Rxb8 35. Qxb8+ Kg7 36. Qxa7+ Kg6 37. Qxa2 d5 38. Qa6+ Kg5 39. Qc8
d4 40. Qc1+ f4 41. h4+ Kxh4 42. Qh1+ Kg4 43. Qh3+ Kg5 44. Qxh7 Qd5+ 45. Kg1
1/2-1/2

[Event "Emanuel Lasker Open"]
[Site "Dearborn, Mich."]
[Date "1984.06.30"]
[Round "2"]
[White "Moody, David"]
[Black "Almquist, Walter"]
[Result "1-0"]
[WhiteElo "1927"]
[BlackElo "1646"]
[PlyCount "51"]
[EventDate "1984.06.30"]

1. e4 c5 2. Nf3 d6 3. d4 cxd4 4. Nxd4 Nf6 5. Nc3 a6 6. Bg5 e6 7. f4 Be7 8. Qf3
Qc7 9. O-O-O Nc6 10. g4 Nxd4 11. Rxd4 b5 12. Bg2 e5 13. Bxf6 gxf6 14. Nd5 Qc5
15. Rd3 b4 16. Rf1 Be6 17. fxe5 Rc8 18. c3 fxe5 19. Kb1 Rg8 20. Bh3 Rg6 21. g5
Bxg5 22. Bxe6 fxe6 23. Qf8+ Kd7 24. Rf7+ Be7 25. Qxe7+ Kc6 26. Qb7# 1-0

[Event "Emanuel Lasker Open"]
[Site "Dearborn, Mich."]
[Date "1984.06.30"]
[Round "1"]
[White "Marinucci, Mark"]
[Black "Moody, David"]
[Result "0-1"]
[WhiteElo "1488"]
[BlackElo "1927"]
[PlyCount "58"]
[EventDate "1984.06.30"]

1. e4 e5 2. Nf3 Nc6 3. Bc4 Bc5 4. d3 d6 5. c3 Nf6 6. O-O Bg4 7. Nbd2 Qd7 8. b4
Bb6 9. Qb3 O-O 10. Bb2 Nh5 11. d4 Nf4 12. Ng5 exd4 13. Nxf7 Rxf7 14. Bxf7+ Qxf7
15. Qxf7+ Kxf7 16. cxd4 Nxd4 17. Bxd4 Bxd4 18. Rab1 Ke6 19. Rb3 Rf8 20. Re3
Bxe3 21. fxe3 Ne2+ 22. Kh1 Rxf1+ 23. Nxf1 Nc3 24. Ng3 Nxa2 25. h3 Bd1 26. b5
Nc3 27. Kg1 Ne2+ 28. Nxe2 Bxe2 29. Kf2 Bxb5 0-1

[Event "Emanuel Lasker Open"]
[Site "Dearborn, Mich."]
[Date "1984.07.01"]
[Round "4"]
[White "Moody, David"]
[Black "Jackson, James"]
[Result "1-0"]
[WhiteElo "1927"]
[BlackElo "1825"]
[PlyCount "65"]
[EventDate "1984.06.30"]

1. Nf3 d5 2. c4 c6 3. b3 Bf5 4. Bb2 Nf6 5. g3 h6 6. Bg2 e6 7. O-O Nbd7 8. d3
Bd6 9. Nbd2 O-O 10. Re1 Bc5 11. e4 dxe4 12. dxe4 Bh7 13. e5 Ng4 14. Nd4 Ngxe5
15. Ne4 Bb4 16. Re3 c5 17. Nc2 Nc6 18. Rd3 Ncb8 19. Nxb4 cxb4 20. Qg4 Bg6 21.
Rad1 Qe7 22. Nd6 Nc5 23. Qd4 e5 24. Qxc5 Nd7 25. Qc7 Bxd3 26. Rxd3 Qd8 27. Qxd8
Raxd8 28. Nxb7 Nc5 29. Rxd8 Rxd8 30. Nxd8 f6 31. Bd5+ Kh7 32. Ne6 Nd3 33. Be4+
1-0

[Event "Emanuel Lasker Open"]
[Site "Dearborn, Mich."]
[Date "1984.07.01"]
[Round "5"]
[White "Daniluk, Jim"]
[Black "Moody, David"]
[Result "0-1"]
[WhiteElo "1653"]
[BlackElo "1927"]
[PlyCount "60"]
[EventDate "1984.06.30"]

1. d4 Nf6 2. e3 e6 3. Bd3 d5 4. f4 c5 5. c3 Nc6 6. Nf3 Be7 7. Nbd2 Qb6 8. O-O
O-O 9. Qe2 Bd7 10. Ne5 a5 11. Ndf3 a4 12. g4 Rfd8 13. Ng5 Be8 14. Rf3 a3 15. b3
cxd4 16. Nxc6 Qxc6 17. cxd4 h6 18. Nh3 Qc3 19. Rb1 Ne4 20. g5 h5 21. Nf2 Bc6
22. Rh3 g6 23. Kg2 Bb4 24. Kf1 Ra5 25. Nd1 Qxd3 26. Qxd3 Bb5 27. Ke2 Rc8 28.
Qxb5 Rxb5 29. Ra1 Rb6 30. Rf3 Rbc6 0-1

[Event "Trenton Quads (July)"]
[Site "Trenton, Mich."]
[Date "1984.07.22"]
[Round "1"]
[White "Thompson, Dexter"]
[Black "Moody, David"]
[Result "1-0"]
[WhiteElo "2189"]
[BlackElo "1927"]
[PlyCount "45"]
[EventDate "1984.07.22"]

1. e4 e5 2. Nf3 Nc6 3. Bc4 Bc5 4. c3 Nf6 5. d4 exd4 6. cxd4 Bb4+ 7. Nc3 Nxe4 8.
O-O Bxc3 9. d5 Ne5 10. bxc3 Nxc4 11. Qd4 Ncd6 12. Qxg7 Rf8 13. Re1 Qe7 14. Nd2
f5 15. Qxe7+ Kxe7 16. f3 Kf6 17. fxe4 Re8 18. c4 Nxe4 19. Bb2+ Kf7 20. Nxe4
fxe4 21. Rf1+ Kg8 22. Rf4 d6 23. Raf1 1-0

[Event "Trenton Quads (July)"]
[Site "Trenton, Mich."]
[Date "1984.07.22"]
[Round "2"]
[White "Moody, David"]
[Black "Prusaitis, Bill"]
[Result "0-1"]
[WhiteElo "1927"]
[BlackElo "1940"]
[PlyCount "56"]
[EventDate "1984.07.22"]

1. e4 e5 2. Nf3 Nc6 3. Bb5 a6 4. Ba4 b5 5. Bb3 d6 6. d4 exd4 7. c3 Nf6 8. O-O
dxc3 9. e5 dxe5 10. Bxf7+ Kxf7 11. Nxe5+ Ke8 12. Nxc6 Qxd1 13. Rxd1 c2 14. Rd8+
Kf7 15. Na3 Bb7 16. Rxa8 Bxa8 17. Nd4 Bxa3 18. bxa3 Rd8 19. Be3 Be4 20. f3 c5
21. Nb3 Rd1+ 22. Kf2 c4 23. Nc1 Bd3 24. Bd4 Nd5 25. Be5 a5 26. Bd4 Nf4 27. Be5
Ne2 28. Bb2 c3 0-1

[Event "Trenton Quads (July)"]
[Site "Trenton, Mich."]
[Date "1984.07.22"]
[Round "3"]
[White "Dangremond, Leonard"]
[Black "Moody, David"]
[Result "1/2-1/2"]
[WhiteElo "1945"]
[BlackElo "1927"]
[PlyCount "45"]
[EventDate "1984.07.22"]

1. e4 e5 2. Nf3 Nc6 3. Bb5 a6 4. Bxc6 dxc6 5. O-O Qd6 6. d3 Ne7 7. Nbd2 Ng6 8.
Nc4 Qf6 9. Bg5 Qe6 10. Qd2 f6 11. Be3 Bd6 12. Rfe1 O-O 13. h3 Bd7 14. b4 f5 15.
Nxd6 cxd6 16. exf5 Rxf5 17. Nh2 Raf8 18. c4 Nh4 19. Qe2 R8f6 20. Qg4 Nxg2 21.
Qxg2 Rg6 22. Ng4 h5 23. f3 1/2-1/2

[Event "Hares Super Tornado"]
[Site "Ann Arbor, Mich."]
[Date "1984.07.29"]
[Round "2"]
[White "Stockham, James"]
[Black "Moody, David"]
[Result "0-1"]
[WhiteElo "1775"]
[BlackElo "1927"]
[PlyCount "64"]
[EventDate "1984.07.29"]

1. d4 Nf6 2. c4 c5 3. d5 e6 4. Nc3 exd5 5. Nxd5 Nxd5 6. Qxd5 d6 7. Nf3 Be7 8.
Bg5 Nc6 9. Bxe7 Qxe7 10. e3 Nb4 11. Qd2 Bf5 12. Rd1 Nc2+ 13. Ke2 O-O 14. Ne1
Nd4+ 15. Qxd4 cxd4 16. Rxd4 Rfd8 17. Nd3 Bxd3+ 18. Kxd3 Rac8 19. Be2 Qe5 20.
Bf3 b6 21. h4 Qc5 22. e4 b5 23. Rc1 bxc4+ 24. Rdxc4 Qb5 25. b3 Rxc4 26. bxc4
Qc5 27. Rc2 Rb8 28. Bd1 g6 29. Rd2 Qa3+ 30. Ke2 Rb2 31. Bb3 Rxd2+ 32. Kxd2 a5
0-1

[Event "Hares Super Tornado"]
[Site "Ann Arbor, Mich."]
[Date "1984.07.29"]
[Round "4"]
[White "Riegel, Peter"]
[Black "Moody, David"]
[Result "1/2-1/2"]
[WhiteElo "1815"]
[BlackElo "1927"]
[PlyCount "27"]
[EventDate "1984.07.29"]

1. e4 e5 2. Nf3 Nc6 3. Bb5 g5 4. d4 Nxd4 5. Nxd4 exd4 6. Qxd4 Qf6 7. Qxf6 Nxf6
8. e5 Ng4 9. Bxg5 Bg7 10. f4 h6 11. Bh4 Ne3 12. Kd2 Nxg2 13. Bg3 h5 14. Rg1
1/2-1/2

[Event "Hares Super Tornado"]
[Site "Ann Arbor, Mich."]
[Date "1984.07.29"]
[Round "1"]
[White "Moody, David"]
[Black "Swathell, Gary"]
[Result "1-0"]
[WhiteElo "1927"]
[BlackElo "1606"]
[PlyCount "65"]
[EventDate "1984.07.29"]

1. e4 e5 2. Nf3 Nc6 3. Bc4 Bc5 4. c3 Nf6 5. d4 exd4 6. cxd4 Bb4+ 7. Nc3 O-O 8.
O-O d6 9. Bg5 h6 10. Bh4 Bxc3 11. bxc3 Re8 12. Qc2 Bg4 13. e5 Bxf3 14. exf6 Be4
15. Qd2 d5 16. Bb3 Na5 17. Qf4 Qd6 18. Qg4 Bg6 19. fxg7 Re4 20. f4 f5 21. Bxd5+
Kxg7 22. Bxe4 fxg4 23. f5 Bf7 24. Rae1 Nc4 25. f6+ Kf8 26. Bd3 Re8 27. Rxe8+
Kxe8 28. Re1+ Kf8 29. Bg3 Qxf6 30. Rf1 Qxf1+ 31. Kxf1 Nd6 32. a3 Bc4 33. Bxd6+
1-0

[Event "Hares Super Tornado"]
[Site "Ann Arbor, Mich."]
[Date "1984.07.29"]
[Round "3"]
[White "Moody, David"]
[Black "Baze, Lineas"]
[Result "0-1"]
[WhiteElo "1927"]
[BlackElo "1981"]
[PlyCount "40"]
[EventDate "1984.07.29"]

1. a3 d5 2. Nf3 Nf6 3. c4 dxc4 4. Qa4+ Nbd7 5. Qxc4 e6 6. d4 Be7 7. Bf4 Nd5 8.
Bg3 c6 9. e4 N5f6 10. Bd3 O-O 11. Qc2 h6 12. Nc3 a6 13. Qe2 Nb6 14. e5 Nfd5 15.
Qe4 g6 16. Nh4 Nxc3 17. bxc3 Qd5 18. Nxg6 Qxe4+ 19. Bxe4 fxg6 20. Bxg6 Nc4 0-1